000 00279nam a22001337a 4500
008 181016b xxu||||| |||| 00| 0 eng d
020 _a9781418843366
041 _aeng
080 _a004
100 _a28
101 _aSHK
245 _aWord 2007
_cShelly,G.B
942 _2udc
_cBK
999 _c49849
_d49849